LEADER 01262nam a2200289 u 4500 001 000000030695 003 CaOOAMICUS 005 20070226112046.0 008 970919s1992 it u000 u ita u 035 $a10769885 040 $aPUL(R)$bita 041 1 $aita$hger$hlat$hgrc 130 0 $aApocrypha.$pV.T.$lItaliano.$0(OLS)http://pul/title/42160 245 14$aGli apocrifi :$bl'altra Bibbia che non fu scritta da Dio /$ca cura di Erich Weidinger ; edizione italiana e traduzione a cura di Elio Jucci. 260 $aCasale Monferrato :$bPiemme,$cc1992. 300 $a736 p. ;$c23 cm 500 $aSeguono appendici. 500 $aTit. orig.: "Die Apokryphen. Verborgene Bücher der Bibel" 700 1 $aJucci, Elio.$0(OLS)http://pul/name/24678 700 1 $aWeidinger, Erich.$0(OLS)http://pul/name/24677 730 02$aApocrypha.$pN.T.$lItaliano.$0(OLS)http://pul/title/38008 850 $aPUL 852 $aPUL$W1$xSL Religione 1$y3$m1 D 62$j42427$nBK-PRI$b $qStampati$B42427$CPULBib$Z2$F42427 $H $81 941 1 $a8 961 $aINV: 69410 996 $6245$aGli apocrifi :$bl'altra Bibbia che non fu scritta da Dio$9(OLS)http://pul/title/42161 996 $6260$aCasale Monferrato :$bPiemme$9(OLS)http://pul/publisher/51813 LEADER 01335nam a2200337 u 4500 001 000000030887 003 CaOOAMICUS 005 20070226112058.0 008 970924s1995 it u000 u ita u 020 $a8831149172 035 $a10770299 040 $aPUL(R)$bita 100 1 $aKimchi, David.$0(OLS)http://pul/name/24782 245 10$aCommento ai Salmi.$nII,$pSal. 51-100 /$ca cura di Lugi Cattani. 246 30$aSal. 51-100 260 $aRoma :$bCittà Nuova,$c1995. 300 $a517 p. ;$c21 cm 490 1 $aTradizione d'Israele ;$v11 500 $aContiene indici. 504 $aBibliografia: p. 11-16. 630 04$aBiblia.$pV.T.$pPsalmi.$kGruppi, scelte.$lItaliano$xCommenti.$0(OLS)http://pul/subject/17226 700 1 $aCattani, Luigi.$0(OLS)http://pul/name/12741 830 0$aTradizione d'Israele ;$v11.$0(OLS)http://pul/title/19556 850 $aPUL 852 $aPUL$W1$xSL Religione 1$y3$m7 A 24$j42675$nBK-PRI$b $qStampati$B42675$CPULBib$Z2$F42675 $H $81 941 1 $a8 961 $aINV: 75684 996 $6020$a8831149172$9(OLS)http://pul/number/38751 996 $6245$aCommento ai Salmi.$nII,$pSal. 51-100$9(OLS)http://pul/title/42450 996 $6246$aSal. 51-100$9(OLS)http://pul/title/42451 996 $6260$aRoma :$bCittà Nuova$9(OLS)http://pul/publisher/47927